<?xml version="1.0" encoding="UTF-8"?>
<record
    xmlns:xsi="http://www.w3.org/2001/XMLSchema-instance"
    xsi:schemaLocation="http://www.loc.gov/MARC21/slim http://www.loc.gov/standards/marcxml/schema/MARC21slim.xsd"
    xmlns="http://www.loc.gov/MARC21/slim">

  <leader>01988nam a22002417a 4500</leader>
  <controlfield tag="003">OSt</controlfield>
  <controlfield tag="005">20260428111501.0</controlfield>
  <controlfield tag="008">260428b        |||||||| |||| 00| 0 spad</controlfield>
  <datafield tag="020" ind1=" " ind2=" ">
    <subfield code="a">9786287528963</subfield>
  </datafield>
  <datafield tag="082" ind1=" " ind2=" ">
    <subfield code="2">9786287528963</subfield>
  </datafield>
  <datafield tag="100" ind1=" " ind2=" ">
    <subfield code="a">Giles McCracken</subfield>
  </datafield>
  <datafield tag="245" ind1=" " ind2=" ">
    <subfield code="a">Maestr&#xED;a en odontolog&#xED;a</subfield>
    <subfield code="b">odontolog&#xED;a restauradora, odontopediatr&#xED;a y ortodoncia</subfield>
  </datafield>
  <datafield tag="250" ind1=" " ind2=" ">
    <subfield code="a">4&#xAA; Edici&#xF3;n</subfield>
  </datafield>
  <datafield tag="260" ind1=" " ind2=" ">
    <subfield code="a">Medell&#xED;n, Colombia.</subfield>
    <subfield code="b">AMOLCA </subfield>
    <subfield code="c"> 2023</subfield>
  </datafield>
  <datafield tag="300" ind1=" " ind2=" ">
    <subfield code="a">360 p&#xE1;g</subfield>
    <subfield code="b">tapa dura </subfield>
    <subfield code="c"> 28.0 x 22.0 </subfield>
  </datafield>
  <datafield tag="490" ind1=" " ind2=" ">
    <subfield code="3">tapa dura </subfield>
    <subfield code="x">978-628-7528-96-3 </subfield>
  </datafield>
  <datafield tag="520" ind1=" " ind2=" ">
    <subfield code="a">El objetivo primordial de esta obra t&#xE9;cnica consiste en proporcionar un recurso de aprendizaje estructurado y sint&#xE9;tico para el perfeccionamiento de las competencias cl&#xED;nicas en las &#xE1;reas de odontolog&#xED;a restauradora, odontopediatr&#xED;a y ortodoncia. El texto se propone facilitar la preparaci&#xF3;n acad&#xE9;mica de estudiantes y profesionales ante evaluaciones de suficiencia profesional, integrando la evidencia cient&#xED;fica m&#xE1;s reciente con la pr&#xE1;ctica odontol&#xF3;gica contempor&#xE1;nea. Mediante una metodolog&#xED;a pedag&#xF3;gica basada en objetivos de aprendizaje y secciones de autoevaluaci&#xF3;n, el libro busca consolidar la capacidad anal&#xED;tica del lector para la resoluci&#xF3;n de casos cl&#xED;nicos complejos. Asimismo, el autor pretende que el facultativo adquiera un dominio profundo sobre la selecci&#xF3;n de materiales y la aplicaci&#xF3;n de t&#xE9;cnicas avanzadas, garantizando una atenci&#xF3;n cl&#xED;nica segura y eficiente. En definitiva, el manual se constituye como una herramienta de referencia fundamental para la formaci&#xF3;n continua y la excelencia en el ejercicio de la medicina dental</subfield>
  </datafield>
  <datafield tag="650" ind1=" " ind2=" ">
    <subfield code="2">Legibilidad</subfield>
    <subfield code="x">Cap&#xED;tulo 1. Periodoncia: Fundamentos del soporte dental y salud gingival.</subfield>
  </datafield>
  <datafield tag="651" ind1=" " ind2=" ">
    <subfield code="x">Cap&#xED;tulo 2. Endodoncia: Tratamiento de la pulpa dental y tejidos periapicales.</subfield>
  </datafield>
  <datafield tag="654" ind1=" " ind2=" ">
    <subfield code="x">Cap&#xED;tulo 3. Odontolog&#xED;a conservadora: T&#xE9;cnicas para preservar la estructura natural del diente.</subfield>
  </datafield>
  <datafield tag="700" ind1=" " ind2=" ">
    <subfield code="a">Giles McCracken</subfield>
  </datafield>
  <datafield tag="942" ind1=" " ind2=" ">
    <subfield code="2">ddc</subfield>
    <subfield code="c">BK</subfield>
    <subfield code="n">0</subfield>
  </datafield>
  <datafield tag="952" ind1=" " ind2=" ">
    <subfield code="0">0</subfield>
    <subfield code="1">0</subfield>
    <subfield code="2">ddc</subfield>
    <subfield code="4">0</subfield>
    <subfield code="7">0</subfield>
    <subfield code="8">D04</subfield>
    <subfield code="a">ISUS</subfield>
    <subfield code="b">ISUS</subfield>
    <subfield code="c">Biblioteca Cerrada</subfield>
    <subfield code="d">2026-04-28</subfield>
    <subfield code="e">odontologia</subfield>
    <subfield code="f">0785</subfield>
    <subfield code="i">0785</subfield>
    <subfield code="l">0</subfield>
    <subfield code="o">odontolog&#xED;a </subfield>
    <subfield code="p">ODON0785</subfield>
    <subfield code="r">2026-04-28 11:17:31</subfield>
    <subfield code="t">1</subfield>
    <subfield code="w">2026-04-28</subfield>
    <subfield code="y">BK</subfield>
  </datafield>
  <datafield tag="999" ind1=" " ind2=" ">
    <subfield code="c">2078</subfield>
    <subfield code="d">2078</subfield>
  </datafield>
</record>
